| 000 | 00593nam a2200181 i 4500 | ||
|---|---|---|---|
| 001 | 60662 | ||
| 003 | ES-MaACL | ||
| 005 | 20230906164300.0 | ||
| 007 | t| | ||
| 008 | 031105s1926 sp ||||1| spa d | ||
| 245 | 0 | 0 |
_aEstadística del consumo de carnes en España _b: año 1925. |
| 260 |
_aMadrid : _b[s.n., _c1926] ( _fHuelves y Cía.) |
||
| 300 |
_a60 p., 2 lám., 5 gráf. pleg. ; _c24 cm. |
||
| 500 | _aPrecede al tít.: Asociación General de Ganaderos. | ||
| 710 | 2 |
_aAsociación General de Ganaderos (España) _91713 |
|
| 852 |
_aES-MaACL _j1753-F-26 |
||
| 852 |
_aES-MaACL _j1693-F-11 |
||
| 999 |
_c60662 _d60662 |
||